000 00815nam a22002537a 4500
003 DO-SdBNP
005 20211011114330.0
007 ta
008 210224b 2020 dr ac 00| 0 eng d
020 _a 9798578604850
040 _aDO-SdBNP
_bspa
_cBNPHU
082 4 _aBNPHU
100 1 _aRamírez, Joaquín Alberto
_977913
245 1 0 _aLenin «voy a pensar inevitablemente en la política» /
_cJoaquín Alberto Ramírez ; prólogo Luis Simó.
260 _aSanto Domingo :
_b[s. n.],
_c2020.
300 _av, 291 p. :
_bil., retrs. ;
_c28 cm.
490 1 _aFortalecimiento institucional
504 _aBibliografía : p. 285-286
590 _aInventariado, 2021 /LP
700 1 _aSimó, Luis,
_epról.
_934356
830 0 _aFortalecimiento institucional
_977914
910 _aLopérez
942 _2ddc
_cLBS1
999 _c49443
_d49443